| 000 | 00691nam a22002057a 4500 | ||
|---|---|---|---|
| 005 | 20100814153948.0 | ||
| 010 | _aENG-100526 | ||
| 020 | _c110.00 | ||
| 035 | _aEN-84059 | ||
| 037 | _bDBAD/PUB | ||
| 082 | _a612.8 | ||
| 100 |
_aNagarajan,K _913520 |
||
| 245 |
_aPrinciples of neural networks / _cby K Nagarajan |
||
| 260 |
_aPerambalur _bMercury Publishers |
||
| 270 |
_aMercury Printers & Publishers _bPerambalur _e621212 |
||
| 300 |
_aiii,83p _c27cm(pbk) |
||
| 500 | _aIncludes references | ||
| 942 |
_2ddc _cEN _h612.8 _mNAG |
||
| 999 |
_c41976 _d41976 |
||